[Event "Verbandsliga Mittelrhein-Ost 1213"]
[Site "Germany"]
[Date "2013.02.03"]
[Round "7.8"]
[White "Bussard, Achim"]
[Black "Martin, Heiko"]
[Result "1/2-1/2"]
[WhiteElo "1839"]
[BlackElo "1740"]
[PlyCount "96"]
[EventDate "2012.09.09"]
[EventType "team"]
[EventRounds "11"]
[EventCountry "GER"]
[SourceTitle "EXT 2015"]
[Source "ChessBase"]
[SourceDate "2014.11.20"]
[SourceVersion "1"]
[SourceVersionDate "2014.11.20"]
[SourceQuality "1"]
[WhiteTeam "Niederkassel II"]
[BlackTeam "Siegburg"]
[WhiteTeamCountry "GER"]
[BlackTeamCountry "GER"]

1. c4 c5 2. Nc3 Nc6 3. g3 Nf6 4. Bg2 d6 5. Nf3 Bf5 6. d3 Qc8 7. Bg5 Bh3 8. 0-0 Bxg2 9. Kxg2 e6 10. d4 cxd4 11. Nxd4 Nxd4 12. Qxd4 Qc6+ 13. f3 Be7 14. Rfd1 0-0 15. Rac1 Rfd8 16. b3 h6 17. Bxf6 Bxf6 18. Qd3 Rac8 19. Ne4 Be7 20. Nf2 Qc5 21. Qb1 b5 22. cxb5 Qxb5 23. Qd3 Qa5 24. a4 d5 25. Rc2 Rc5 26. Rxc5 Qxc5 27. Qb1 Rc8 28. Nd3 Qe3 29. Qa2 a5 30. Qd2 Qxd2 31. Rxd2 Rc3 32. Rb2 Ba3 33. Rb1 f6 34. Kf2 Kf7 35. Ke1 e5 36. Kd1 e4 37. fxe4 dxe4 38. Ne1 f5 39. Nc2 Bd6 40. Nd4 Kf6 41. Nb5 Rc6 42. e3 Bb4 43. Rc1 Rxc1+ 44. Kxc1 g5 45. Kd1 f4 46. gxf4 gxf4 47. exf4 Kf5 48. Nc7 Bd6 1/2-1/2